| 000 | 00669cam a22001337a 4500 | ||
|---|---|---|---|
| 008 | 180718b2003 xxu||||| |||| 00| 0 eng d | ||
| 082 | _aB7303x5452 K131 | ||
| 100 | _aKandaswamy, P. | ||
| 245 |
_aThe new panchayat raj act - implementation and reflection in Tamil Nadu (1996-2001): a case study with special referenc to ramanthapuram, meduri & tiruvannamalai districts in Tamil Nadu _cby P. Kandaswamy |
||
| 260 |
_aNew Delhi _bTamil Nadu Regional Chapter, Indian Institute of Public Administration _c2003 |
||
| 300 | _av.p. | ||
| 650 | _aPanchayat raj - Legislation - India - Tamil Nadu | ||
| 700 | _aIndian Institute of Public Administration. Tamil Nadu Regional Chapter | ||
| 999 |
_c502271 _d502271 |
||